Consideraciones para el diseno de la "Presa La Cueva"
Guardado en:
| Autor principal: | |
|---|---|
| Formato: | Desconocido |
| Publicado: |
[San José, Costa Rica]
1979
|
| Materias: | |
| Etiquetas: |
Agregar Etiqueta
Sin Etiquetas, Sea el primero en etiquetar este registro!
|
MARC
| LEADER | 00000 a2200000 4500 | ||
|---|---|---|---|
| 003 | 001041 | ||
| 005 | 20221231143737.0 | ||
| 008 | 140114s1979 c a m 000 ||s d | ||
| 040 | |c cru CEDI | ||
| 090 | |a TFG 881 | ||
| 100 | |a Monge Guevara, Guillermo Antonio |9 16129 | ||
| 245 | |a Consideraciones para el diseno de la "Presa La Cueva" | ||
| 260 | |c 1979 |a [San José, Costa Rica] | ||
| 300 | |a 98 hojas : ilustraciones (algunas a color y plegables) ; 28 cm | ||
| 500 | |a Tesis (ingeniero civil)--Universidad de Costa Rica. | ||
| 650 | |x PROYECTO DE RIEGO ARENAL-TEMPISQUE (COSTA RICA) |x PRESA LA CUEVA (GUANACASTE) |9 16130 | ||
| 942 | |c TFG | ||
| 999 | |c 11162 |d 11162 | ||
